000 00564nam a2200217Ia 4500
003 OSt
005 20220928135306.0
006 a|||||r|||| 00| 0
007 ta
008 220927b |||||||| |||| 00| 0 eng d
024 _a940
037 _cTextual
040 _aSDCL
_cSDCL
_beng
041 _2eng
_aeng
082 _aX:191.73 'N6<-M2, L5
100 _aLaffer Arthur B
_9489589
245 0 _aPrivate short-term capital flows
260 _c1975
942 _hX:191.73 'N6<-M2, L5
_cTEXL
_2CC
999 _c804863
_d804863